ბათუმის შოთა რუსთაველის სახელმწიფო უნივერსიტეტის ბიბლიოთეკა

შუა საუკუნეების ისტორია. წ. 2, [ევროპის ქვეყნების ისტორია XII ს.-XVII ს. პირველი ნახევარი] : (ბიბ.ჩანაწერი № 56371)

000 -ლიდერი
ფიქსირებული სიგრძის საკონტროლო ველი 01872nam a2200253Ia 4500
001 - საკონტროლო ნომერი
საკონტროლო ველი 23484
003 - საკონტროლო ნომრის იდენტიფიკატორი
საკონტროლო ველი GE_BSU
005 - ბოლო ოპერაციის თარიღი და დრო
საკონტროლო ველი 20260206163005.0
008 - ფიქსირებული სიგრძის მონაცემთა ელემენტები - ზოგადი ინფორმაცია
ფიქსირებული სიგრძის საკონტროლო ველი 181216s||||||||xx |||||||||||||| ||und||
040 ## - კატალოგიზაციის წყარო
Transcribing agency GE_BSU
080 ## - უნივერსალური ათობითი კლასიფიკაციის ინდექსი
Universal Decimal Classification number 94(100)"04/14"(075.8)
100 ## - მთავარი ჩანაწერი - პიროვნების სახელი
Personal name ტივაძე, გიორგი.
9 (RLIN) 26813
245 ## - ცნობა სათაურის შესახებ
Title შუა საუკუნეების ისტორია. წ. 2, [ევროპის ქვეყნების ისტორია XII ს.-XVII ს. პირველი ნახევარი] :
Remainder of title სახელმძღვ. სტუდენტებისათვის /
Statement of responsibility, etc გიორგი ტივაძე ; რედ. : გ. ბუაჩიძე; მხატვ.: მ.მათიაშვილი.
264 ## - წარმოების, გამოცემის, დისტრიბუციის და სხვა ცნობები
გამოცემის, წარმოების, დისტრიბუციის... ადგილი თბილისი :
გამოცემის, წარმოების, დისტრიბუციის... სახელწოდება თბილ. უნ-ტის გამ-ბა,
გამოცემის, წარმოების, დისტრიბუციის... თარიღი 1970.
300 ## - ფიზიკური აღწერა
Extent 491 გვ. ;
Dimensions 21 სმ.
653 ## - INDEX TERM--UNCONTROLLED
Uncontrolled term ევროპის ქვეყნების ისტორია -- 12-17 სს.
653 ## - INDEX TERM--UNCONTROLLED
Uncontrolled term ისტორია
653 ## - INDEX TERM--UNCONTROLLED
Uncontrolled term შუა საუკუნეების ისტორია -- სახელმძღვანელოები უმაღლესი სასწავლებლებისათვის.
653 ## - INDEX TERM--UNCONTROLLED
Uncontrolled term შუა საუკუნეების ისტორია. წ. 2, [ევროპის ქვეყნების ისტორია XII ს.-XVII ს. პირველი ნახევარი]
700 ## - ADDED ENTRY--PERSONAL NAME
Personal name ბუაჩიძე, გ.
Relator term რედაქტორი
9 (RLIN) 16076
700 ## - ADDED ENTRY--PERSONAL NAME
Personal name მათიაშვილი, მ.
Relator term მხატვარი
9 (RLIN) 26814
710 ## - ADDED ENTRY--CORPORATE NAME
Corporate name or jurisdiction name as entry element საქ. სსრ მეცნ. აკად., ი. ჯავახიშვილის სახ. ისტ., არქეოლ. და ეთნოგრ. ინ-ტი
9 (RLIN) 26815
942 ## - ADDED ENTRY ELEMENTS (KOHA)
Koha item type წიგნი
Source of classification or shelving scheme
ეგზემპლარები
ჩამოწერის სტატუსი დაკარგული ეგზემპლარის სტატუსი კლასიფიკაციის წყარო ან თაროზე გაწყობის სქემა დაზიანების სტატუსი არ გაიცემა მუდმივი მდებარეობა (დაცვის ადგილი) ამჟამინდელი ადგილსამყოფელი თაროზე განთავსების ადგილი შეძენის თარიღი ღირებულება, შესყიდვის ნორმალური ფასი სრული შენახვის შიფრი შტრიხკოდი ბოლო ოპერაციის თარიღი ეგზემპლარის მიმდევრობითი ნომერი (კეტერი?) ფასის ძალაში შესვლის თარიღი ეგზემპლარის სახეობა საჯარო შენიშვნა
          ბათუმის შოთა რუსთაველის სახელმწიფო უნივერსიტეტის მთავარი ბიბლიოთეკა ბათუმის შოთა რუსთაველის სახელმწიფო უნივერსიტეტის მთავარი ბიბლიოთეკა წიგნსაცავი 2018-12-17 15.00 94(100) 28408 2018-12-17 28408 2018-12-17 წიგნი 15.00 ₾.
          ბათუმის შოთა რუსთაველის სახელმწიფო უნივერსიტეტის მთავარი ბიბლიოთეკა ბათუმის შოთა რუსთაველის სახელმწიფო უნივერსიტეტის მთავარი ბიბლიოთეკა წიგნსაცავი 2018-12-17 2.80 94(100) 28407 2018-12-17 28407 2018-12-17 წიგნი 2.80 ₾.